Derecho penal

Uloženo v:
Podrobná bibliografie
Hlavní autor: Garrido Montt, Mario (autor)
Médium: Kniha
Jazyk:španělština
Vydáno: Santiago, Chile: Jurídica de Chile, 1997
Vydání:Primera edición
Témata:
Tagy: Přidat tag
Žádné tagy, Buďte první, kdo vytvoří štítek k tomuto záznamu!

MARC

LEADER 00000nam a2200000 a 4500
001 UCS7966
003 CL-VaPUC
005 20250507163425.0
008 971024i19972000CL |||||||||||||||||spa|d
999 |c 262693  |d 262691 
020 |a 9561011891 
040 |c Pontificia Universidad Católica de Valparaíso 
082 0 4 |2 21  |a 345.02 GAR 1997  
100 1 |a Garrido Montt, Mario  |e autor  |9 525675 
245 1 0 |a Derecho penal 
250 |a Primera edición 
260 |a Santiago, Chile:  |b Jurídica de Chile,  |c 1997 
300 |a 3 tomos. 
505 |a t.I. Parte general: Conceptos generales. Ley penal. Extradición. Circunstancias modificatorias de la responsabilidad penal. Las penas y su determminación. Causales de extención de la responsabilidad penal. Consecuencias civiles del delito 
505 |a t.II. Parte general: Nociones fundamentales de la teoría del delito 
505 |a t.III. Parte especial: Delitos contra la vida. Delitos contra la integridad física y la salud. Delitos contra el Honor. Delitos contra el orden de la familia. Delitos contra la honestidad 
583 |a last modification  |c 19971024 00:00:00  |k Rodrigo Vera 
650 1 |a Derecho penal chileno  |9 889236 
650 1 |a Ley penal  |9 256611 
650 1 |a Responsabilidad penal  |9 254899 
650 1 0 |a Delitos   |z Chile  |9 889214 
650 1 |a Bien jurídico  |9 392951 
650 1 |a Procedimientos judiciales  |x Extradición  |9 889215 
650 1 |a Ciencias penales  |9 390785 
650 1 |a Responsabilidad civil  |9 889218 
650 1 |a Teoría del delito  |9 258906 
650 1 |a Acción penal  |9 254970 
650 1 |a Antijuridicidad  |9 368501 
650 1 |a Elementos del delito  |9 889216 
650 1 |a Culpabilidad penal  |9 460733 
650 1 0 |a Delitos de omisión  |9 524669 
650 1 |a Concurso del delito  |9 358121 
650 7 |a Delitos de falsedad  |9 889217 
650 1 |a Delitos contra la propiedad  |9 256091 
942 |c BK  |2 ddc 
945 |d 19971024 00:00:00  |a rleighto 
952 |0 0  |1 0  |4 0  |6 345_020000000000000_GAR_1997  |7 0  |8 A  |9 291497  |a BIBDER  |b BIBDER  |d 2019-11-19  |h t.I  |i 3358240  |o 345.02 GAR 1997  |p 3358240  |r 2019-11-19  |w 2019-11-19  |y BK  |k DER 
952 |0 0  |1 0  |4 0  |6 345_020000000000000_GAR_1997  |7 0  |8 A  |9 291498  |a BIBDER  |b BIBDER  |d 2019-11-19  |h t.II  |i 3358259  |o 345.02 GAR 1997  |p 3358259  |r 2023-01-25  |w 2019-11-19  |y BK  |k DER 
952 |0 0  |1 0  |4 0  |6 345_020000000000000_GAR_1997  |7 0  |8 A  |9 291502  |a BIBDER  |b BIBDER  |d 2019-11-19  |h t.I  |i 4026985  |l 2  |o 345.02 GAR 1997  |p 4026985  |r 2024-09-23  |s 2024-09-23  |w 2019-11-19  |y BK  |k DER 
952 |0 0  |1 0  |4 0  |6 345_020000000000000_GAR_1997  |7 0  |8 A  |9 291503  |a BIBDER  |b BIBDER  |d 2019-11-19  |h t.I  |i 4026993  |l 1  |o 345.02 GAR 1997  |p 4026993  |r 2024-11-07  |s 2024-11-07  |w 2019-11-19  |y BK  |k DER